00494pab a2200145 454500008004000000100002300040245013500063260000900198300001400207362000800221650002300229650003100252650002200283773004300305180718b2014 xxu||||| |||| 00| 0 eng d aJosefsson, Cecilia aWho benefits from gender quotas? Assessing the impact of election procedure reform on members of parliament's attributes in Uganda c2014 ap.93-105. aJan aelections - Uganda aWomen in politics - Uganda awomen in politics aInternational Political Science Review